Normal view
MARC view
- Duffy, Michael.
Entry Personal Name
001 - CONTROL NUMBER
- control field: 44936
003 - CONTROL NUMBER IDENTIFIER
- control field: OSt
005 - DATE AND TIME OF LATEST TRANSACTION
- control field: 20220406134750.0
008 - FIXED-LENGTH DATA ELEMENTS
- fixed length control field: 220406|| aca||aabn | a|a d
040 ## - CATALOGING SOURCE
- Original cataloging agency: OSt
- Transcribing agency: OSt
100 ## - HEADING--PERSONAL NAME
- Personal name: Duffy, Michael.
670 ## - SOURCE DATA FOUND
- Source citation: Work cat.: (OSt): Duffy, Michael., The Trumo and Sanders show: , ©Dec 2015-Mar 2016.
